[Event "NM for klubblag 2010"]
[Site "Drammen"]
[Date "2010.10.09"]
[Round "3"]
[Board "60"]
[White "Benn, Neil"]
[Black "Børresen, Jon"]
[Result "1/2-1/2"]
[WhiteElo "1549"]
[BlackElo "1300"]
[PlyCount "104"]
[WhiteTeam "Asker 2"]
[BlackTeam "OSS 3"]

1. Nf3 Nf6 2. d4 e6 3. c4 Bb4+ 4. Bd2 Be7 5. g3 O-O 6. Bg2 d5 7. O-O Nbd7 8.
Bf4 c5 9. Nc3 a6 10. cxd5 Nxd5 11. Nxd5 exd5 12. dxc5 Nxc5 13. Rc1 Ne6 14. Be5
Bf6 15. Bxf6 Qxf6 16. Qb3 Rb8 17. Rfd1 d4 18. Qb6 Rd8 19. Rc4 Bd7 20. Nxd4 Bb5
21. Rcc1 Nxd4 22. Qxf6 Nxe2+ 23. Kh1 Rxd1+ 24. Rxd1 gxf6 25. Rd2 Rc8 26. Bxb7
Rc7 27. Bf3 Nc1 28. b3 Rd7 29. Rc2 Nd3 30. a4 Nb4 31. Rc8+ Kg7 32. axb5 axb5
33. Be2 Rd2 34. Re8 Rb2 35. Re3 Nd5 36. Rd3 Nb4 37. Rd4 Rxb3 38. Bxb5 Nc2 39.
Rg4+ Kf8 40. Ba4 Rc3 41. Bxc2 Rxc2 42. Kg2 Rc5 43. h4 h5 44. Rf4 Kg7 45. g4 Kg6
46. Kg3 f5 47. f3 f6 48. Rd4 fxg4 49. fxg4 hxg4 50. Kxg4 f5+ 51. Kf4 Kh5 52.
Rd8 Rc4+ 1/2-1/2

[Event "NM for klubblag 2010"]
[Site "Drammen"]
[Date "2010.10.09"]
[Round "3"]
[Board "61"]
[White "Wister, Tom R"]
[Black "Persen, Ole Morten"]
[Result "0-1"]
[WhiteElo "1615"]
[BlackElo "1590"]
[PlyCount "106"]
[WhiteTeam "Kirkegata"]
[BlackTeam "Modum"]

1. d4 d5 2. c4 c6 3. Nf3 Nf6 4. Nc3 e6 5. Bg5 dxc4 6. a4 Nbd7 7. e3 Qa5 8. Bxf6
Nxf6 9. Bxc4 Bb4 10. Rc1 Nd5 11. Qb3 Nb6 12. O-O Bxc3 13. Rxc3 Qxa4 14. Qxa4
Nxa4 15. Rc2 Nb6 16. Bd3 Nd5 17. Bc4 O-O 18. Bxd5 exd5 19. b4 Bf5 20. Rb2 Bd3
21. Ra1 f6 22. Rba2 a6 23. Nd2 Rfe8 24. Ra3 Bb5 25. Nb1 Rad8 26. Nc3 Bc4 27.
Na4 Re7 28. Nc5 Kf7 29. f3 Rde8 30. Kf2 g5 31. g3 Kg6 32. h3 h5 33. Rg1 f5 34.
f4 Rg8 35. Raa1 Ra8 36. Na4 Rae8 37. Rge1 Rg7 38. Rg1 Kf6 39. h4 gxf4 40. gxf4
Rg4 41. Rxg4 fxg4 42. Re1 Kf5 43. Nc3 b6 44. Na4 a5 45. Nxb6 axb4 46. Rb1 b3
47. Nd7 g3+ 48. Kf3 g2 49. Kxg2 Rxe3 50. Ne5 Kxf4 51. Nxc6 Re2+ 52. Kh3 b2 53.
Ne5 Ba6 0-1

[Event "NM for klubblag 2010"]
[Site "Drammen"]
[Date "2010.10.09"]
[Round "3"]
[Board "62"]
[White "Paulsen, Stig-Atle"]
[Black "Hovden, Hans"]
[Result "1/2-1/2"]
[WhiteElo "1514"]
[BlackElo "1576"]
[PlyCount "48"]
[WhiteTeam "Modum"]
[BlackTeam "Kirkegata"]

1. e4 e6 2. d4 d5 3. exd5 exd5 4. c4 c6 5. Nf3 Bg4 6. Be3 Nf6 7. Nbd2 Bd6 8.
Bd3 O-O 9. O-O Nbd7 10. Qc2 Re8 11. Ng5 h6 12. Bh7+ Kf8 13. Nxf7 Kxf7 14. Qg6+
Kf8 15. Bxh6 gxh6 16. Qxh6+ Kf7 17. Bg6+ Kg8 18. f3 Be6 19. Rae1 Bf7 20. Bd3
Rxe1 21. Qg5+ Kf8 22. Qh6+ Kg8 23. Qg5+ Kf8 24. Qh6+ Kg8 1/2-1/2

[Event "NM for klubblag 2010"]
[Site "Drammen"]
[Date "2010.10.09"]
[Round "3"]
[Board "63"]
[White "Gruben, Tronn"]
[Black "Leite, Steinar"]
[Result "0-1"]
[WhiteElo "1387"]
[BlackElo "1365"]
[PlyCount "114"]
[WhiteTeam "Kirkegata"]
[BlackTeam "Modum"]

1. Nf3 f5 2. d4 Nf6 3. Bg5 e6 4. e3 Be7 5. Bd3 b6 6. c3 Bb7 7. Nbd2 Ne4 8. Bxe7
Qxe7 9. Bxe4 fxe4 10. Ne5 O-O 11. f4 exf3 12. Nexf3 Ba6 13. c4 d6 14. Qc2 Nd7
15. e4 e5 16. d5 Bc8 17. b4 a5 18. Qa4 Bb7 19. b5 Nc5 20. Qc2 Rf7 21. O-O-O a4
22. Qc3 Raf8 23. h4 Bc8 24. Qe3 Bg4 25. Rdf1 h5 26. Rf2 Rf4 27. Rhf1 Bxf3 28.
Rxf3 Qxh4 29. g3 Rxf3 30. Rxf3 Rxf3 31. Qxf3 Qg5 32. Kc2 Qg6 33. Kd1 Qf7 34.
Qg2 Nd3 35. Qe2 Nf2+ 36. Ke1 Ng4 37. Qf3 Qxf3 38. Nxf3 Ne3 39. Nd2 Nc2+ 40. Kd1
Nd4 41. Ke1 Kf7 42. Kf2 Kf6 43. Nb1 Nc2 44. Nc3 Na3 45. Nxa4 Nxc4 46. Nc3 Na3
47. Kg2 Kg5 48. Kh3 g6 49. Kg2 Kg4 50. Kf2 g5 51. Kg2 h4 52. gxh4 Kxh4 53. Kh2
Kg4 54. Kg2 Kf4 55. Kf2 g4 56. Kg2 Ke3 57. Kg3 Kd3 0-1

[Event "NM for klubblag 2010"]
[Site "Drammen"]
[Date "2010.10.09"]
[Round "3"]
[Board "64"]
[White "Haugland, Rasmus L"]
[Black "Wister, Finn Arild"]
[Result "0-1"]
[WhiteElo "1094"]
[BlackElo "1312"]
[PlyCount "88"]
[WhiteTeam "Modum"]
[BlackTeam "Kirkegata"]

1. d4 Nf6 2. c4 g6 3. Nc3 d5 4. cxd5 Nxd5 5. e4 Nxc3 6. bxc3 Bg7 7. Bc4 O-O 8.
Nf3 c5 9. Bb2 cxd4 10. cxd4 Nc6 11. e5 Qa5+ 12. Qd2 Qxd2+ 13. Nxd2 Rd8 14. Nf3
Bg4 15. Ng5 e6 16. h3 Bf5 17. Rd1 Bc2 18. Rd2 Ba4 19. O-O Rac8 20. Bc3 Nxe5 21.
dxe5 Rxd2 22. Bxd2 Rxc4 23. Nf3 Bc6 24. Rd1 Bxf3 25. gxf3 Rd4 26. Kf1 Bxe5 27.
Ke2 b6 28. Ke3 Rd8 29. Rc1 Bd4+ 30. Ke2 Bxf2 31. Bg5 Rd5 32. Bf6 Bc5 33. a4 a5
34. Rc4 h5 35. f4 Kf8 36. h4 Ke8 37. Kf3 Kd7 38. Ke4 Rd1 39. Kf3 Rd3+ 40. Ke4
Rb3 41. f5 Rb4 42. Rxb4 exf5+ 43. Kf4 Bxb4 44. Bd4 Bc5 {
de siste trekkene mangler.} 0-1

[Event "NM for klubblag 2010"]
[Site "Drammen"]
[Date "2010.10.09"]
[Round "3"]
[Board "65"]
[White "Andersen, Øystein R"]
[Black "Standal, Bård"]
[Result "1-0"]
[WhiteElo "1867"]
[BlackElo "1750"]
[PlyCount "69"]
[WhiteTeam "Black Knights 2"]
[BlackTeam "Tønsberg"]

1. c4 Nf6 2. Nf3 g6 3. g3 Bg7 4. Bg2 O-O 5. d4 d6 6. Nc3 Nbd7 7. O-O e5 8. e4
c6 9. d5 c5 10. a3 a5 11. Rb1 Nb6 12. Qe2 Nh5 13. b4 axb4 14. axb4 cxb4 15.
Rxb4 Nd7 16. Bg5 f6 17. Be3 b6 18. Rfb1 Rb8 19. Qb2 Ba6 20. Nd2 f5 21. Bxb6 Qg5
22. Nf3 Qf6 23. Qa3 Ra8 24. Ra4 Bb7 25. Be3 Rxa4 26. Qxa4 Nc5 27. Bxc5 Ra8 28.
Qd7 dxc5 29. Qxb7 Ra3 30. Qb8+ Bf8 31. Nb5 Ra2 32. Qxe5 Qd8 33. exf5 Bg7 34.
Qe6+ Kh8 35. Nd6 1-0

[Event "NM for klubblag 2010"]
[Site "Drammen"]
[Date "2010.10.09"]
[Round "3"]
[Board "66"]
[White "Syvertsen, Rolf E"]
[Black "Levang, Pål K"]
[Result "1-0"]
[WhiteElo "1584"]
[BlackElo "1863"]
[PlyCount "61"]
[WhiteTeam "Tønsberg"]
[BlackTeam "Black Knights 2"]

1. d4 d5 2. c4 Nc6 3. Nf3 Bg4 4. e3 e6 5. Nc3 Bb4 6. a3 Bxc3+ 7. bxc3 Nf6 8.
Bd3 O-O 9. O-O e5 10. Be2 dxc4 11. a4 Re8 12. Ba3 Nd5 13. Rc1 Bxf3 14. gxf3
exd4 15. cxd4 Rxe3 16. fxe3 Nxe3 17. Qe1 Nxd4 18. Rf2 Ndc2 19. Qc3 Qg5+ 20. Kh1
Qh4 21. Bb2 f6 22. Bxc4+ Kh8 23. Rfxc2 Re8 24. Qd4 Qh5 25. Rf2 Qh6 26. Qd7 Rf8
27. Qe7 Ra8 28. Rg1 Nxc4 29. Bc1 g5 30. Qxc7 Qh4 31. Qg3 {
de siste trekkene mangler.} 1-0

[Event "NM for klubblag 2010"]
[Site "Drammen"]
[Date "2010.10.09"]
[Round "3"]
[Board "67"]
[White "Snellingen, Jørn"]
[Black "Johansen, Kjell H"]
[Result "1-0"]
[WhiteElo "1843"]
[BlackElo "1512"]
[PlyCount "69"]
[WhiteTeam "Black Knights 2"]
[BlackTeam "Tønsberg"]

1. e4 c5 2. c3 Nc6 3. d4 cxd4 4. cxd4 g6 5. Nf3 Bg7 6. Bc4 e6 7. Nc3 Nge7 8.
O-O O-O 9. Be3 a6 10. a4 d5 11. exd5 exd5 12. Ba2 Bf5 13. Qd2 Nb4 14. Bb3 Bd3
15. Ne2 Nec6 16. Rfc1 Re8 17. Nc3 Qd7 18. Nxd5 Nxd5 19. Qxd3 Nxe3 20. fxe3 Bh6
21. Re1 Nb4 22. Qc4 a5 23. Ne5 Qe6 24. e4 Rac8 25. Qxe6 fxe6 26. Rad1 Rcd8 27.
d5 exd5 28. exd5 Rd6 29. Nc4 Rxe1+ 30. Rxe1 Rd8 31. Nxa5 Kf8 32. Nxb7 Rb8 33.
Nc5 Nd3 34. Nd7+ Kg7 35. Re7+ 1-0

[Event "NM for klubblag 2010"]
[Site "Drammen"]
[Date "2010.10.09"]
[Round "3"]
[Board "68"]
[White "Beck, Anders Knudsen"]
[Black "Wasenius, Thomas"]
[Result "1-0"]
[WhiteElo "1406"]
[BlackElo "1238"]
[PlyCount "101"]
[WhiteTeam "Tønsberg"]
[BlackTeam "Black Knights 2"]

1. e4 e5 2. Nf3 Nf6 3. Nc3 Nc6 4. Bc4 Nxe4 5. Bxf7+ Kxf7 6. Nxe4 d5 7. Ng3 Be7
8. d3 Rf8 9. Be3 Kg8 10. h3 d4 11. Bd2 Qd5 12. Ne4 Bf5 13. Ng3 Bg6 14. O-O Rae8
15. Re1 Bd6 16. Ne4 Bb4 17. a3 Bxd2 18. Qxd2 Rf4 19. Qe2 Bxe4 20. dxe4 Qc5 21.
Qd3 Ref8 22. Re2 Ne7 23. Qb3+ Kh8 24. Ng5 Qc6 25. Ne6 Qa6 26. Nxf4 Rxf4 27. Qd3
Qf6 28. Qb5 b6 29. Qa6 c5 30. Qxa7 g5 31. f3 Ng6 32. a4 Qd6 33. a5 d3 34. Rf2
d2 35. Rd1 Qd4 36. Qxb6 Nh4 37. Rdxd2 Qe3 38. Qb8+ Kg7 39. Qxe5+ Kh6 40. Qe6+
Ng6 41. Qc4 Ne5 42. Qe2 Qxe2 43. Rfxe2 Nc4 44. Rd5 Nxa5 45. Rxc5 Nb7 46. Rc6+
Kh5 47. Rc7 Nd6 48. Rxh7+ Kg6 49. Rd7 Nc4 50. b3 Ne5 51. Rd6+ 1-0

[Event "NM for klubblag 2010"]
[Site "Drammen"]
[Date "2010.10.09"]
[Round "3"]
[Board "70"]
[White "Flemsæter, Egil"]
[Black "Roholdt, Njaal"]
[Result "0-1"]
[WhiteElo "1183"]
[BlackElo "1334"]
[PlyCount "96"]
[WhiteTeam "Konnerud"]
[BlackTeam "Drammens 2"]

1. e4 c5 2. Nf3 d6 3. d4 cxd4 4. Nxd4 Nf6 5. Nc3 a6 6. Bc4 b5 7. Bd3 e5 8. Nf5
Nc6 9. Bg5 Bxf5 10. exf5 Be7 11. Qf3 Nd4 12. Qb7 O-O 13. O-O-O Nd7 14. Bxe7
Qxe7 15. Qe4 Nf6 16. Qh4 d5 17. g4 Nf3 18. Nxd5 Nxh4 19. Nxe7+ Kh8 20. g5 Nh5
21. Be4 Ra7 22. Nd5 h6 23. Rhg1 g6 24. Rg4 Nxf5 25. Bxf5 gxf5 26. Rh4 Nf4 27.
Nxf4 exf4 28. Rxh6+ Kg7 29. Rf6 Re8 30. Rxf5 Re4 31. f3 Re2 32. h4 Rc7 33. Rd2
Re1+ 34. Rd1 Re2 35. c3 Rh2 36. Rxf4 a5 37. Kb1 b4 38. Rc1 Re7 39. Re4 Rd7 40.
Rd4 Re7 41. Rf1 Ree2 42. cxb4 Rxb2+ 43. Kc1 a4 44. Rh1 Rhc2+ 45. Kd1 Rxa2 46.
b5 Rcb2 47. Rc4 Rb1+ 48. Rc1 Rxc1+ 0-1

[Event "NM for klubblag 2010"]
[Site "Drammen"]
[Date "2010.10.09"]
[Round "3"]
[Board "73"]
[White "Rørvik, Jon"]
[Black "Hansen, Erle Andrea Marki"]
[Result "1/2-1/2"]
[WhiteElo "2177"]
[BlackElo "1659"]
[PlyCount "106"]
[WhiteTeam "Tempo"]
[BlackTeam "Kristiansand"]

1. c4 Nf6 2. Nc3 g6 3. g3 Bg7 4. Bg2 c5 5. e4 Nc6 6. Nge2 e5 7. d3 O-O 8. O-O
d6 9. h3 Be6 10. Be3 Nd7 11. Qd2 f5 12. f4 Nd4 13. Nd5 fxe4 14. dxe4 b5 15.
cxb5 Bxd5 16. exd5 Nxb5 17. Kh2 Rb8 18. Rab1 Nb6 19. b3 Nd4 20. Nc3 Nf5 21. Ne2
Re8 22. Bg1 Qf6 23. Rbe1 Qd8 24. Bf2 Nd7 25. fxe5 Nxe5 26. Nf4 Bh6 27. Qd1 Bxf4
28. gxf4 Nf7 29. Re6 Qd7 30. Rfe1 Ng7 31. Qg4 Qc8 32. Bh4 Nxe6 33. dxe6 Nh6 34.
Qg5 Nf5 35. e7 Nxh4 36. Bd5+ Kg7 37. Qxh4 Qf5 38. Bc6 Qf6 39. Qxf6+ Kxf6 40.
Bxe8 Rxe8 41. Rd1 Kxe7 42. Kg3 Rd8 43. Kf3 d5 44. h4 Kd6 45. h5 Rf8 46. hxg6
hxg6 47. Rg1 Rf6 48. Rg5 Kc6 49. Ke3 Rd6 50. Kd3 Kb5 51. a3 a5 52. Kc3 Kc6 53.
a4 Rf6 1/2-1/2

[Event "NM for klubblag 2010"]
[Site "Drammen"]
[Date "2010.10.09"]
[Round "3"]
[Board "74"]
[White "Arntsen, Frode"]
[Black "Taksrud, Vidar"]
[Result "0-1"]
[WhiteElo "1552"]
[BlackElo "2025"]
[PlyCount "75"]
[WhiteTeam "Kristiansand"]
[BlackTeam "Tempo"]

1. c4 e5 2. g3 Nf6 3. Bg2 c6 4. Nc3 d5 5. cxd5 cxd5 6. d3 Nc6 7. a3 Be6 8. Bg5
Be7 9. Qb3 Nd4 10. Qd1 O-O 11. Nf3 h6 12. Bd2 Nxf3+ 13. exf3 d4 14. Ne4 Nd5 15.
O-O f5 16. Re1 fxe4 17. Rxe4 Bd6 18. f4 Nf6 19. Re1 Nd7 20. fxe5 Be7 21. Qh5
Rf5 22. Qd1 Rxe5 23. Rxe5 Nxe5 24. Qe2 Bf6 25. f4 Bg4 26. Qe4 Nc6 27. Qg6 Be6
28. Re1 Ne7 29. Qh5 Bf7 30. Qg4 Nd5 31. Be4 Ne3 32. Qf3 Rc8 33. Bxb7 Rc2 34.
Re2 Rxb2 35. Bb4 Rxe2 36. Qxe2 a5 37. Be4 axb4 38. axb4 0-1

[Event "NM for klubblag 2010"]
[Site "Drammen"]
[Date "2010.10.09"]
[Round "3"]
[Board "75"]
[White "Skjold, Reidar"]
[Black "Aabid, Ryaad"]
[Result "1/2-1/2"]
[WhiteElo "1490"]
[BlackElo "1487"]
[PlyCount "150"]
[WhiteTeam "Tempo"]
[BlackTeam "Kristiansand"]

1. e4 c6 2. d4 d5 3. e5 Bf5 4. Be3 e6 5. Nd2 Bb4 6. c3 Be7 7. Ngf3 Nd7 8. Nb3
Qb6 9. Bd3 Bxd3 10. Qxd3 a5 11. O-O a4 12. Nbd2 h5 13. b4 Nh6 14. Bg5 Qd8 15.
Bxe7 Qxe7 16. b5 c5 17. c4 cxd4 18. cxd5 exd5 19. Qxd4 Qc5 20. Qd3 Nb6 21. Rac1
Qe7 22. Qd4 Qd8 23. Qc5 Rc8 24. Qd4 Rxc1 25. Rxc1 O-O 26. Qf4 Re8 27. Nd4 Qd7
28. N2f3 Nc4 29. Qg5 Qg4 30. h4 Qxg5 31. hxg5 Ng4 32. Re1 Ngxe5 33. Nxe5 Rxe5
34. Rxe5 Nxe5 35. f4 Nc4 36. Nf5 Kf8 37. Kf2 g6 38. Nd4 Ke7 39. Ke2 Kd6 40. Kd3
Kc5 41. f5 Nd6 42. fxg6 fxg6 43. Ne6+ Kxb5 44. Nf4 Ne4 45. Nxg6 Nxg5 46. Nf4
Kc5 47. Nxh5 Ne6 48. Nf6 Nf4+ 49. Kc3 Nxg2 50. Nd7+ Kc6 51. Ne5+ Kd6 52. Nd3 b5
53. Kb4 Kc6 54. Ne5+ Kb6 55. Nd7+ Kc6 56. Ne5+ Kd6 57. Nd3 Ne3 58. Kxb5 a3 59.
Kb4 Nc4 60. Ne1 Ke5 61. Nc2 Ke4 62. Kc3 Ne3 63. Nxa3 d4+ 64. Kd2 d3 65. Nb1
Nc4+ 66. Kc3 Nb6 67. Nd2+ Ke3 68. Nf1+ Ke2 69. Ng3+ Ke3 70. Nf1+ Ke4 71. Nd2+
Ke3 72. Nf1+ Ke2 73. Ng3+ Ke3 74. Nf1+ Ke2 75. Ng3+ Ke3 1/2-1/2

[Event "NM for klubblag 2010"]
[Site "Drammen"]
[Date "2010.10.09"]
[Round "3"]
[Board "77"]
[White "Mihajlov, Sebastian"]
[Black "Johansen, Pål H"]
[Result "1-0"]
[WhiteElo "1755"]
[BlackElo "1607"]
[PlyCount "87"]
[WhiteTeam "OSS 5"]
[BlackTeam "Akademisk 2"]

1. d4 Nf6 2. c4 g6 3. Nc3 d5 4. cxd5 Nxd5 5. e4 Nxc3 6. bxc3 Bg7 7. Bc4 O-O 8.
Ne2 c5 9. O-O Nc6 10. Be3 Qc7 11. Rc1 Rd8 12. Bf4 Qa5 13. Qb3 Rf8 14. e5 a6 15.
a4 e6 16. Bd3 Rb8 17. Be4 Bd7 18. Rfd1 Ne7 19. Qa3 Rfc8 20. Ra1 Bc6 21. Bc2 Nd5
22. Bd2 c4 23. Ng3 Qd8 24. Ne4 b5 25. Qa2 b4 26. cxb4 Nxb4 27. Bxb4 Rxb4 28.
Nc5 Qg5 29. Be4 Bxe4 30. Nxe4 Qf4 31. Nd6 c3 32. Nxc8 Rb2 33. Qxb2 cxb2 34.
Rab1 Bf8 35. Rxb2 Qe4 36. Nb6 Ba3 37. Nd7 Kg7 38. Nf6 Qc6 39. Rb8 Qxa4 40. Rg8+
Kh6 41. Rd3 Bc1 42. Rh3+ Kg5 43. g3 Qxd4 44. Rh5# 1-0

[Event "NM for klubblag 2010"]
[Site "Drammen"]
[Date "2010.10.09"]
[Round "3"]
[Board "78"]
[White "Fjellheim, Marius"]
[Black "Gholami, Armin"]
[Result "1-0"]
[WhiteElo "1378"]
[BlackElo "1685"]
[PlyCount "79"]
[WhiteTeam "Akademisk 2"]
[BlackTeam "OSS 5"]

1. e4 e6 2. d4 d5 3. e5 c5 4. c3 Nc6 5. Nf3 Qb6 6. Bd3 Bd7 7. O-O cxd4 8. cxd4
Nxd4 9. Nxd4 Qxd4 10. Nc3 Qxe5 11. Re1 Qb8 12. Nxd5 Bd6 13. Qh5 Ne7 14. Nxe7
Bxe7 15. Be3 Bf6 16. Bb5 Bc6 17. Bxc6+ bxc6 18. Bc5 Qc7 19. Rxe6+ Kd8 20. Rd1+
Kc8 21. Rxf6 gxf6 22. Qf5+ Kb7 23. Rd7 Rhe8 24. Rxc7+ Kxc7 25. g3 Re5 26. Qf4
Kd7 27. Bd4 Re6 28. Bxf6 c5 29. Bc3 f6 30. Qf5 Kd6 31. Qxh7 a5 32. Qb7 Rae8 33.
Qb6+ Kd5 34. Qxa5 f5 35. Qb5 f4 36. Qd3+ Kc6 37. Qf3+ Re4 38. g4 Kb5 39. g5 Ra4
40. a3 1-0

[Event "NM for klubblag 2010"]
[Site "Drammen"]
[Date "2010.10.09"]
[Round "3"]
[Board "79"]
[White "Olsen, Ulrik"]
[Black "Tveit, Geir"]
[Result "1/2-1/2"]
[WhiteElo "1292"]
[BlackElo "1493"]
[PlyCount "52"]
[WhiteTeam "OSS 5"]
[BlackTeam "Akademisk 2"]

1. e4 d5 2. exd5 Nf6 3. d4 Bg4 4. Be2 Bxe2 5. Nxe2 Qxd5 6. O-O e6 7. Nbc3 Qh5
8. Ng3 Qxd1 9. Rxd1 c6 10. Nce4 Nbd7 11. Nxf6+ Nxf6 12. Bg5 Be7 13. Bxf6 Bxf6
14. Nh5 Ke7 15. Nxf6 Kxf6 16. Rd3 Rad8 17. Rad1 Rd7 18. Kf1 Rhd8 19. Ke2 h6 20.
c3 g5 21. Ke3 h5 22. f3 Kg6 23. g3 f5 24. b4 Rf8 25. f4 g4 26. Rh1 a6 1/2-1/2

[Event "NM for klubblag 2010"]
[Site "Drammen"]
[Date "2010.10.09"]
[Round "3"]
[Board "80"]
[White "Chikwati, Elvis"]
[Black "Grønn, Eskil Ekeland"]
[Result "1-0"]
[WhiteElo "1341"]
[BlackElo "1068"]
[PlyCount "73"]
[WhiteTeam "Akademisk 2"]
[BlackTeam "OSS 5"]

1. d4 f5 2. g3 Nf6 3. Bg2 e6 4. Bg5 Be7 5. Bxf6 Bxf6 6. e4 fxe4 7. Bxe4 c5 8.
Qh5+ Ke7 9. Qxc5+ d6 10. Qc3 Qb6 11. Ne2 d5 12. Bg2 Nc6 13. Qa3+ Kf7 14. c3 Bd7
15. Nd2 Rac8 16. Qb3 Qc7 17. O-O h5 18. Nf3 Rcg8 19. Qc2 g5 20. Rac1 b5 21. Ne1
h4 22. Nd3 Ne7 23. Ne5+ Bxe5 24. dxe5 Qxe5 25. Rce1 Qf5 26. Qd2 h3 27. Bh1 Ng6
28. f4 g4 29. Nd4 Qf6 30. f5 exf5 31. Bxd5+ Kg7 32. Ne6+ Kh7 33. Ng5+ Kg7 34.
Bxg8 Kxg8 35. Qxd7 Qxg5 36. Rxf5 Qh6 37. Qf7# 1-0

[Event "NM for klubblag 2010"]
[Site "Drammen"]
[Date "2010.10.09"]
[Round "3"]
[Board "81"]
[White "Haug, Johannes"]
[Black "Meyer, Michael A"]
[Result "1-0"]
[WhiteElo "1505"]
[BlackElo "1313"]
[PlyCount "41"]
[WhiteTeam "Nordstrand 3"]
[BlackTeam "Fredriksstad"]

1. e4 c5 2. c3 g6 3. d4 cxd4 4. cxd4 d5 5. exd5 Nf6 6. Bb5+ Bd7 7. Bc4 Bg7 8.
Nc3 O-O 9. Nf3 Bg4 10. O-O Nbd7 11. h3 Nb6 12. Bb3 Bc8 13. Qe2 Re8 14. Bg5
Nbxd5 15. Ne5 Nxc3 16. Bxf7+ Kf8 17. bxc3 Nd7 18. Qf3 Bf6 19. Bh6+ Bg7 20.
Nxd7+ Qxd7 21. Be6# 1-0

[Event "NM for klubblag 2010"]
[Site "Drammen"]
[Date "2010.10.09"]
[Round "3"]
[Board "82"]
[White "Eriksen, Geir-Arne"]
[Black "Abrahamsen, Knut Ø"]
[Result "1/2-1/2"]
[WhiteElo "1248"]
[BlackElo "1426"]
[PlyCount "41"]
[WhiteTeam "Fredriksstad"]
[BlackTeam "Nordstrand 3"]

1. d4 Nf6 2. c4 g6 3. Nc3 d5 4. e3 Bg7 5. Nf3 O-O 6. Be2 dxc4 7. Bxc4 c5 8. O-O
cxd4 9. exd4 Bg4 10. Be3 Nc6 11. Be2 Nb4 12. a3 Nbd5 13. Ne5 Be6 14. Qd2 Nxe3
15. Qxe3 Qb6 16. b4 Rfd8 17. Rfd1 Nd5 18. Nxd5 Bxd5 19. Bf3 Bxe5 20. Bxd5 Bf6
21. Qf3 1/2-1/2

[Event "NM for klubblag 2010"]
[Site "Drammen"]
[Date "2010.10.09"]
[Round "3"]
[Board "83"]
[White "Braathen, Didrik"]
[Black "Kjernlie, Ole Ivar"]
[Result "1/2-1/2"]
[WhiteElo "1070"]
[BlackElo "1225"]
[PlyCount "135"]
[WhiteTeam "Nordstrand 3"]
[BlackTeam "Fredriksstad"]

1. d4 d5 2. c4 e6 3. cxd5 exd5 4. Bf4 Bd6 5. Bxd6 Qxd6 6. Nf3 Nf6 7. e3 O-O 8.
Bd3 Qb4+ 9. Qd2 Nc6 10. a3 Qxd2+ 11. Nbxd2 Re8 12. O-O Ne4 13. Rac1 a6 14. Nb3
Nf6 15. Rfe1 h6 16. Nfd2 Re7 17. e4 dxe4 18. Nxe4 Nxe4 19. Rxe4 Be6 20. Nc5 Bd5
21. Rxe7 Nxe7 22. Re1 Kf8 23. Nd7+ Ke8 24. Bf5 Kd8 25. Bh3 Be6 26. Bxe6 fxe6
27. Nc5 b6 28. Nxe6+ Kd7 29. Nxg7 Rg8 30. Nh5 Rg6 31. h3 Nd5 32. Re4 Kc6 33.
Nf4 Nxf4 34. Rxf4 Kb5 35. b3 a5 36. Rf5+ Kc6 37. Kh2 Rd6 38. d5+ Rxd5 39. Rxd5
Kxd5 40. f4 c5 41. Kg3 a4 42. bxa4 c4 43. Kf3 Kd4 44. f5 Kd3 45. f6 c3 46. f7
c2 47. f8=Q c1=Q 48. Qd6+ Kc2 49. Qc6+ Kd2 50. Qd5+ Ke1 51. Qe4+ Kf1 52. Qe2+
Kg1 53. g4 Qc6+ 54. Qe4 Qf6+ 55. Qf4 Qc6+ 56. Kg3 Qc3+ 57. Kh4 Kg2 58. Qe4+ Kf2
59. Qf5+ Kg2 60. Qd5+ Kf2 61. Qa2+ Kf3 62. Qf7+ Kg2 63. Qb7+ Kh2 64. Qb8+ Kg2
65. Qb7+ Kh2 66. Qb8+ Kg2 67. Qa8+ Kh2 68. Qb8+ 1/2-1/2

[Event "NM for klubblag 2010"]
[Site "Drammen"]
[Date "2010.10.09"]
[Round "3"]
[Board "84"]
[White "Rosseland, Jon Birger"]
[Black "Tryggestad, Andreas G"]
[Result "1-0"]
[WhiteElo "1083"]
[BlackElo "1017"]
[PlyCount "49"]
[WhiteTeam "Fredriksstad"]
[BlackTeam "Nordstrand 3"]

1. c4 c5 2. Nf3 b6 3. d4 Bb7 4. d5 b5 5. cxb5 Bc8 6. g3 g6 7. Bg2 Bg7 8. Nc3
Bb7 9. e4 Qa5 10. Bd2 Bxc3 11. Bxc3 Qxb5 12. Bxh8 f6 13. Qe2 Qb4+ 14. Nd2 Ba6
15. Qe3 Qxb2 16. Rb1 Qxa2 17. e5 f5 18. d6 e6 19. Bxa8 Nc6 20. Qxc5 Qa4 21.
Bxc6 Qg4 22. Bb5 Bb7 23. Bxd7+ Kxd7 24. Rxb7+ Ke8 25. Qc8# 1-0

[Event "NM for klubblag"]
[Site "Drammen"]
[Date "2010.10.09"]
[Round "4"]
[White "Kovachev, Daniel Jacobsen"]
[Black "Dascevics, Vadims"]
[Result "1/2-1/2"]
[WhiteElo "2315"]
[BlackElo "2379"]
[PlyCount "26"]
[EventDate "2011.??.??"]
[WhiteTeam "OSS 2"]
[BlackTeam "Stavanger 1"]

1. e4 c5 2. Nf3 Nc6 3. Bb5 g6 4. Bxc6 bxc6 5. O-O Bg7 6. Re1 Rb8 7. c3 Nh6 8.
d4 cxd4 9. cxd4 O-O 10. Nc3 d6 11. h3 f6 12. b3 Nf7 13. Bb2 e5 1/2-1/2

[Event "NM for klubblag"]
[Site "Drammen"]
[Date "2010.10.09"]
[Round "4"]
[White "Løvik, Lasse Østebø"]
[Black "Jafarli, Alizamin"]
[Result "1-0"]
[WhiteElo "2317"]
[BlackElo "2259"]
[PlyCount "65"]
[EventDate "2011.??.??"]
[WhiteTeam "Stavanger 1"]
[BlackTeam "OSS 2"]

1. e4 c5 2. Nf3 e6 3. d4 cxd4 4. Nxd4 Nc6 5. Nc3 Qc7 6. Be3 a6 7. Be2 Nf6 8.
O-O Bb4 9. Na4 Be7 10. Nxc6 bxc6 11. Nb6 Rb8 12. Nxc8 Qxc8 13. Bd4 O-O 14. Qd3
c5 15. Bc3 d5 16. exd5 exd5 17. b3 Rb6 18. Bf3 d4 19. Rfe1 Bd8 20. Bd2 Bc7 21.
Rac1 Qb8 22. g3 Nd7 23. Be4 Ne5 24. Bxh7+ Kh8 25. Qf5 g6 26. Qh3 Qc8 27. Qh6
Ng4 28. Qh4 Bd8 29. Qh3 Kg7 30. Bh6+ Kxh7 31. Bxf8+ Kg8 32. Re8 Qd7 33. Bg7+
1-0

[Event "NM for klubblag"]
[Site "Drammen"]
[Date "2010.10.09"]
[Round "4"]
[White "Mihajlov, Svetoslav"]
[Black "Tofte, Sindre Waage"]
[Result "0-1"]
[WhiteElo "2006"]
[BlackElo "2229"]
[PlyCount "96"]
[EventDate "2011.??.??"]
[WhiteTeam "OSS 2"]
[BlackTeam "Stavanger 1"]

1. e4 e5 2. Nf3 Nc6 3. Bb5 a6 4. Ba4 Nf6 5. O-O Be7 6. Re1 b5 7. Bb3 d6 8. c3
O-O 9. h3 Na5 10. Bc2 c5 11. d4 Qc7 12. Nbd2 cxd4 13. cxd4 Nc6 14. d5 Nb4 15.
Bb1 a5 16. a3 Na6 17. b3 Bd7 18. Bb2 Nc5 19. Bc2 Rfc8 20. Rc1 Qa7 21. Nf1 Bd8
22. Ne3 Bb6 23. Re2 Rc7 24. Ne1 b4 25. a4 Bc8 26. Rd2 Ba6 27. Qf3 Rac8 28. Rcd1
Ne8 29. Nf5 f6 30. g4 g6 31. Ng3 Nd7 32. Bd3 Bxd3 33. Rxd3 Kg7 34. h4 Rc5 35.
h5 Nc7 36. g5 Rf8 37. Qg4 Ne8 38. hxg6 hxg6 39. Rf3 fxg5 40. Nh5+ gxh5 41.
Qxg5+ Kh7 42. Qe7+ Ng7 43. Rxf8 Nxf8 44. Qxf8 Rc7 45. Qxd6 Bxf2+ 46. Kh1 Qe3
47. Bxe5 Qh3+ 48. Bh2 Qf1+ 0-1

[Event "NM for klubblag"]
[Site "Drammen"]
[Date "2010.10.09"]
[Round "4"]
[White "Vea, Odin Blikra"]
[Black "Svendsen, Tarjei Joten"]
[Result "0-1"]
[WhiteElo "2220"]
[BlackElo "1946"]
[PlyCount "120"]
[EventDate "2011.??.??"]
[WhiteTeam "Stavanger 1"]
[BlackTeam "OSS 2"]

1. e4 e6 2. d4 d5 3. Nd2 Nf6 4. Bd3 c5 5. e5 Nfd7 6. c3 Nc6 7. Ne2 cxd4 8. cxd4
f6 9. exf6 Qxf6 10. Nf3 h6 11. O-O Bd6 12. Be3 O-O 13. Bb1 Rd8 14. a3 Nf8 15.
Qd2 Bd7 16. Bf4 Be8 17. Bxd6 Rxd6 18. Ng3 e5 19. dxe5 Nxe5 20. Nxe5 Qxe5 21.
Re1 Qf6 22. Nf5 Rd7 23. Nd4 Bf7 24. Bf5 Rc7 25. Rad1 Rc4 26. Bh3 Rd8 27. b3 Rc5
28. Re3 Qf4 29. g3 Qg5 30. f4 Qf6 31. Rde1 Qb6 32. Qb2 Rc4 33. Rd3 Re8 34. Rxe8
Bxe8 35. Qd2 Rc7 36. Qe3 Bf7 37. Kf2 Nh7 38. Nf5 Rc2+ 39. Kg1 Rc1+ 40. Bf1
Qxe3+ 41. Nxe3 Nf6 42. b4 Kf8 43. h3 Be8 44. Nd1 Bb5 45. Rd4 Bc4 46. a4 Bb3 47.
Nf2 Bxa4 48. Kg2 Ke7 49. Bd3 Bc2 50. g4 Bxd3 51. Nxd3 Rc4 52. Rxc4 dxc4 53. Ne5
c3 54. Kf3 Ke6 55. Nd3 Kd5 56. g5 hxg5 57. fxg5 Nd7 58. Ke3 Kc4 59. h4 Kb3 60.
h5 Kc2 0-1